000 00985cam a2200289 a 4500
001 60323
003 CO-BoRNBP
005 20260122194449.0
007 ta
008 161005s1958 ag gr 000 f spa
040 _aCO-BoBN
_bspa
_cCO-BoBN
082 0 4 _a863.3
_223
084 _a0
240 1 0 _aDon Quijote
245 1 0 _aSegunda parte de el ingenioso hidalgo Don quijote de la Mancha /
_cilustrado por Carlos Alonso
246 0 _aSegvnda parte de el ingenioso hidalgo Don quijote de la Mancha
250 _a1a. edición
300 _a457 p. :
_bil. (algunas col.) ;
_c33 cm
336 _2rdacontent
_atexto
_btxt
337 _2rdamedia
_asin mediación
_bn
338 _2rdacarrier
_avolumen
_bnc
500 _aIncluye exlibris de la Librería Nacional Camacho Roldan, Bogotá
650 1 4 _aNovela española
_ySiglo XVII
_2LEMB
_968279
650 2 4 _aLibros de caballerías
_zEspaña
_ySiglo XVII
_2LEMB
_968280
700 1 _aAlonso, Carlos,
_eilustrador
_968281
942 _2ddc
_cBK
999 _c60323
_d60323